| Tag |
First Indicator |
Second Indicator |
Subfields |
| LEADER |
00000cam a2200000 a 4500 |
| 001 |
in00000012685 |
| 005 |
20151007051900.0 |
| 008 |
871009s1987 nyua b 00000 eng d |
| 019 |
|
|
|a 16876986
|
| 020 |
|
|
|a 0816904049
|
| 020 |
|
|
|a 9780816904044
|
| 035 |
|
|
|a (OCoLC)16834367
|
| 035 |
|
|
|9 AAA5260AM
|
| 040 |
|
|
|a VPI
|c VPI
|d OCL
|d TXA
|d UtOrBLW
|
| 049 |
|
|
|a TXAM
|c [A12582772]
|
| 090 |
|
|
|a TP159.D5
|b T7 1987
|
| 245 |
0 |
0 |
|a Tray distillation columns :
|b a guide to performance evaluation /
|c prepared by the Equipment Testing Procedures Committee.
|
| 250 |
|
|
|a 2nd ed.
|
| 264 |
|
1 |
|a New York, NY :
|b American Institute of Chemical Engineers,
|c [1987]
|
| 264 |
|
4 |
|c ©1987
|
| 300 |
|
|
|a 26 pages :
|b illustrations ;
|c 28 cm.
|
| 336 |
|
|
|a text
|b txt
|2 rdacontent
|
| 337 |
|
|
|a unmediated
|b n
|2 rdamedia
|
| 338 |
|
|
|a volume
|b nc
|2 rdacarrier
|
| 490 |
1 |
|
|a AIChE equipment testing procedure
|
| 504 |
|
|
|a Bibliography: pages 25-26.
|
| 650 |
|
0 |
|a Distillation apparatus
|x Testing.
|
| 710 |
2 |
|
|a American Institute of Chemical Engineers.
|b Equipment Testing Procedures Committee.
|
| 830 |
|
0 |
|a AIChE equipment testing procedure.
|
| 945 |
|
|
|a PromptCat
|
| 946 |
|
|
|a qatar
|
| 947 |
|
|
|a Q14800158096
|
| 999 |
|
|
|a MARS
|
| 999 |
f |
f |
|s f4e1a688-87d3-3c8d-b0c0-5d4f585f5efb
|i 4778b81f-d268-36ec-90ef-78eae85b69f9
|t 0
|
| 952 |
f |
f |
|p ric
|a Texas A&M University
|b Rellis Campus
|c Joint Library Facility
|d Remote Storage
|t 0
|e TP159.D5 T7 1987
|h Library of Congress classification
|i unmediated -- volume
|m A14812582772
|
| 998 |
f |
f |
|a TP159.D5 T7 1987
|t 0
|l Remote Storage
|